| 000 | 00350nam a2200133Ia 4500 | ||
|---|---|---|---|
| 008 | 231017s9999 xx 000 0 und d | ||
| 082 | _a625.7INT | ||
| 082 | _bINT | ||
| 245 | 0 | _aIntroducing Performance Based Maintenance Concretes to Indonesia Framework Document | |
| 245 | 0 | _cWorld Bank | |
| 260 | _bWorld Bank | ||
| 300 | _c30cm | ||
| 942 | _cREP | ||
| 999 |
_c603622 _d603622 |
||